| 000 | 00520nam a2200181Ia 4500 | ||
|---|---|---|---|
| 003 | OSt | ||
| 005 | 20210108111006.0 | ||
| 008 | 190216s9999||||xx |||||||||||||| ||und|| | ||
| 020 | _a9788124014202 | ||
| 040 | _coclc | ||
| 082 |
_a894.812301 _bBAT/M |
||
| 100 |
_aBatheri, Arshad _97938 |
||
| 245 | 0 |
_aMarichavarkkulla Kuppayam / _cArshad Batheri |
|
| 260 |
_bCurrent Books, _aKottayam: _c2007. |
||
| 300 | _a60p | ||
| 650 | _aKathakal | ||
| 942 |
_cBK _2ddc _h894.812301 _iBAT/M _k894.812301 _mBAT/M |
||
| 999 |
_c29239 _d29239 |
||